The international ombudsman anthology : (Record no. 1138)

MARC details
000 -LEADER
fixed length control field 01224nam a2200361 a 4500
001 - CONTROL NUMBER
control field ocn178733810
003 - CONTROL NUMBER IDENTIFIER
control field TZ-ArACH
005 - DATE AND TIME OF LATEST TRANSACTION
control field 20101228105144.0
008 - FIXED-LENGTH DATA ELEMENTS--GENERAL INFORMATION
fixed length control field 990623s1999 ne a b 001 0 eng
010 ## - LIBRARY OF CONGRESS CONTROL NUMBER
LC control number 98043827
020 ## - INTERNATIONAL STANDARD BOOK NUMBER
International Standard Book Number 9041104909 (hb : acid-free paper)
020 ## - INTERNATIONAL STANDARD BOOK NUMBER
International Standard Book Number 9789041104908 (hb : acid-free paper)
035 ## - SYSTEM CONTROL NUMBER
System control number (OCoLC)178733810
035 ## - SYSTEM CONTROL NUMBER
Canceled/invalid control number 99-B1794
035 ## - SYSTEM CONTROL NUMBER
System control number (PU-L).b1957910
040 ## - CATALOGING SOURCE
Original cataloging agency DLC
Transcribing agency PLL
041 ## - LANGUAGE CODE
Language code of text/sound track or separate title eng
049 ## - LOCAL HOLDINGS (OCLC)
Holding library TZAA
050 00 - LIBRARY OF CONGRESS CALL NUMBER
Classification number K3416
Item number .I58 1999
245 04 - TITLE STATEMENT
Title The international ombudsman anthology :
Remainder of title selected writings from the International Ombudsman Institute /
Statement of responsibility, etc edited by Linda C. Reif.
260 ## - PUBLICATION, DISTRIBUTION, ETC. (IMPRINT)
Place of publication, distribution, etc The Hague ;
-- Boston :
Name of publisher, distributor, etc Kluwer Law International,
Date of publication, distribution, etc 1999.
300 ## - PHYSICAL DESCRIPTION
Extent xxxviii, 745 p. :
Other physical details ill. ;
Dimensions 25 cm.
504 ## - BIBLIOGRAPHY, ETC. NOTE
Bibliography, etc Includes bibliographical references and index.
650 #0 - SUBJECT ADDED ENTRY--TOPICAL TERM
Topical term or geographic name as entry element Ombudspersons.
9 (RLIN) 464
700 1# - ADDED ENTRY--PERSONAL NAME
Personal name Reif, Linda C.
9 (RLIN) 463
710 2# - ADDED ENTRY--CORPORATE NAME
Corporate name or jurisdiction name as entry element International Ombudsman Institute.
9 (RLIN) 462
903 ## - LOCAL DATA ELEMENT C, LDC (RLIN)
n n
i 35066002370872
907 ## - LOCAL DATA ELEMENT G, LDG (RLIN)
a .b1957910
b biddl
c -
908 ## - PUT COMMAND PARAMETER (RLIN)
Put command parameter jhh.put
942 ## - ADDED ENTRY ELEMENTS (KOHA)
Source of classification or shelving scheme Library of Congress Classification
Koha item type Books
Holdings
Home library Current library Shelving location Date acquired Full call number Barcode Koha item type
African Court on Human and Peoples' Rights Library African Court on Human and Peoples' Rights Library   28/12/2010 K3416 .I58 10011110 Books

African Court on Human and Peoples' Rights | For Inquiries Contact » +255 272 510 510